Capitals by Country - World Capitals - Statistics

General Stats
  • This quiz has been taken 21 times
  • The average score is 137 of 200
Answer Stats
Countries Capitals % Correct
Greece Athens
100%
Germany Berlin
100%
Belgium Brussels
100%
Ireland Dublin
100%
Portugal Lisbon
100%
Luxembourg Luxembourg
100%
Spain Madrid
100%
Monaco Monaco
100%
Russia Moscow
100%
Norway Oslo
100%
France Paris
100%
Czech Republic Prague
100%
Iceland Reykjavik
100%
Italy Rome
100%
San Marino San Marino
100%
Vatican City Vatican City
100%
Poland Warsaw
100%
Netherlands Amsterdam
94%
Andorra Andorra la Vella
94%
Switzerland Bern
94%
Brazil Brasília
94%
Hungary Budapest
94%
Denmark Copenhagen
94%
Finland Helsinki
94%
Ukraine Kyiv
94%
United Kingdom London
94%
Mexico Mexico City
94%
Canada Ottawa
94%
Sweden Stockholm
94%
Japan Tokyo
94%
Austria Vienna
94%
United States Washington D.C.
94%
Algeria Algiers
88%
China Beijing
88%
Serbia Belgrade
88%
Romania Bucharest
88%
Australia Canberra
88%
Venezuela Caracas
88%
Israel Jerusalem
88%
Latvia Riga
88%
Bosnia &Herzegovina Sarajevo
88%
South Korea Seoul
88%
Bulgaria Sofia
88%
Iran Tehran
88%
Albania Tirana
88%
New Zealand Wellington
88%
Croatia Zagreb
88%
Turkey Ankara
82%
Lebanon Beirut
82%
Slovakia Bratislava
82%
Argentina Buenos Aires
82%
Egypt Cairo
82%
Moldova Chișinău
82%
Vietnam Hanoi
82%
Cuba Havana
82%
Indonesia Jakarta
82%
Afghanistan Kabul
82%
Jamaica Kingston
82%
Peru Lima
82%
Belarus Minsk
82%
Kenya Nairobi
82%
India New Delhi
82%
Panama Panama City
82%
Kosovo Pristina
82%
North Korea Pyongyang
82%
Saudi Arabia Riyadh
82%
Estonia Tallinn
82%
Malta Valletta
82%
Lithuania Vilnius
82%
Iraq Baghdad
76%
Thailand Bangkok
76%
Colombia Bogotá
76%
Qatar Doha
76%
Guatemala Guatemala City
76%
Pakistan Islamabad
76%
Slovenia Ljubljana
76%
Philippines Manila
76%
El Salvador San Salvador
76%
Chile Santiago
76%
Singapore Singapore
76%
North Macedonia Skopje
76%
Taiwan Taipei
76%
Liechtenstein Vaduz
76%
Ethiopia Addis Ababa
71%
Azerbaijan Baku
71%
South Africa Cape Town
71%
Syria Damascus
71%
Bangladesh Dhaka
71%
Nepal Kathmandu
71%
Bolivia La Paz
71%
Uruguay Montevideo
71%
Oman Muscat
71%
Cyprus Nicosia
71%
Montenegro Podgorica
71%
South Africa Pretoria
71%
Ecuador Quito
71%
Morocco Rabat
71%
Dominican Republic Santo Domingo
71%
Libya Tripoli
71%
Tunisia Tunis
71%
Mongolia Ulaanbaatar
71%
Laos Vientiane
71%
Armenia Yerevan
71%
United ArabEmirates Abu Dhabi
65%
Nigeria Abuja
65%
Ghana Accra
65%
Jordan Amman
65%
Madagascar Antananarivo
65%
Djibouti Djibouti
65%
Malaysia Kuala Lumpur
65%
Kuwait Kuwait City
65%
Bahamas Nassau
65%
Suriname Paramaribo
65%
Haiti Port-au-Prince
65%
Bolivia Sucre
65%
Kazakhstan Astana
59%
Paraguay Asunción
59%
Guinea-Bissau Bissau
59%
Rep. of the Congo Brazzaville
59%
Botswana Gaborone
59%
Guyana Georgetown
59%
Zimbabwe Harare
59%
D.R. Congo Kinshasa
59%
Angola Luanda
59%
Somalia Mogadishu
59%
Chad N'Djamena
59%
Burkina Faso Ouagadougou
59%
Cambodia Phnom Penh
59%
Trinidad &Tobago Port-of-Spain
59%
Benin Porto-Novo
59%
Yemen Sana'a
59%
São Tomé &Principe São Tomé
59%
Georgia Tbilisi
59%
Bhutan Thimphu
59%
Seychelles Victoria
59%
Turkmenistan Ashgabat
53%
Mali Bamako
53%
Brunei Bandar SeriBegawan
53%
Belize Belmopan
53%
South Africa Bloemfontein
53%
Barbados Bridgetown
53%
Senegal Dakar
53%
East Timor Dili
53%
Sierra Leone Freetown
53%
Sudan Khartoum
53%
Rwanda Kigali
53%
Zambia Lusaka
53%
Maldives Malé
53%
Nicaragua Managua
53%
Bahrain Manama
53%
Papua NewGuinea Port Moresby
53%
Costa Rica San José
53%
Sri Lanka SriJayawardenepura Kotte
53%
Fiji Suva
53%
Uzbekistan Tashkent
53%
Honduras Tegucigalpa
53%
Namibia Windhoek
53%
Ivory Coast Yamoussoukro
53%
Samoa Apia
47%
St. Kitts & Nevis Basseterre
47%
Kyrgyzstan Bishkek
47%
St. Lucia Castries
47%
Benin Cotonou
47%
Tanzania Dodoma
47%
Tajikistan Dushanbe
47%
South Sudan Juba
47%
Uganda Kampala
47%
St. Vincent & theGrenadines Kingstown
47%
Malawi Lilongwe
47%
Togo Lomé
47%
Liberia Monrovia
47%
Myanmar Naypyidaw
47%
Niger Niamey
47%
Mauritania Nouakchott
47%
F.S. Micronesia Palikir
47%
Vanuatu Port Vila
47%
Kiribati South Tarawa
47%
Grenada St. George's
47%
Central AfricanRepublic Bangui
41%
Guinea Conakry
41%
Tuvalu Funafuti
41%
Burundi Gitega
41%
Marshall Islands Majuro
41%
Mozambique Maputo
41%
Lesotho Maseru
41%
Palau Ngerulmud
41%
Mauritius Port Louis
41%
Dominica Roseau
41%
Antigua &Barbuda St. John's
41%
Cameroon Yaoundé
41%
Nauru Yaren
41%
Eritrea Asmara
35%
Gambia Banjul
35%
Solomon Islands Honiara
35%
Gabon Libreville
35%
Equatorial Guinea Malabo
35%
Eswatini Mbabane
35%
Comoros Moroni
35%
Tonga Nuku'alofa
35%
Cape Verde Praia
29%
No matching quizzes found
Score Distribution
Percent of People with Each Score
Percentile by Number Answered
Your Score History
You have not taken this quiz